Komparácia odporúčaných hodnôt finančných pomerových ukazovateľov

Kvantitatívne pozorovanie FPU v oblasti hutníckeho priemyslu v rokoch 2003 - 2012. Výskumná vzorka tvorí cca 41 % svetovej produkcie ocele za rok 2012. Skúmané firmy patria do skupiny päťdesiatich najväčších výrobcov ocele na svete podľa zoznamu združenia Worldsteel za roky 2003 - 2012. Toto združen...

Descrizione completa

Salvato in:
Dettagli Bibliografici
Autore principale: Kravec, Michal, 1986-
Natura: Capitolo di libro
Lingua:slovacco
Soggetti:
Tags: Aggiungi Tag
Nessun Tag, puoi essere il primo ad aggiungerne!!

MARC

LEADER 00000naa a2200000 4500
001 0183884
005 20240502073141.3
041 0 |a slo 
044 |a SK 
245 1 0 |a Komparácia odporúčaných hodnôt finančných pomerových ukazovateľov  |c Michal Kravec 
520 |a Kvantitatívne pozorovanie FPU v oblasti hutníckeho priemyslu v rokoch 2003 - 2012. Výskumná vzorka tvorí cca 41 % svetovej produkcie ocele za rok 2012. Skúmané firmy patria do skupiny päťdesiatich najväčších výrobcov ocele na svete podľa zoznamu združenia Worldsteel za roky 2003 - 2012. Toto združenie pozostáva z cca 170 výrobcov ocele (vrátane 17 z 20 najväčších výrobcov tejto komodity) a z národných a regionálnych združení hutníckeho priemyslu a z výskumných ústavov v oblasti hutníctva. 
610 2 0 |a ukazovatele pomerové 
610 2 0 |a analýza finančná 
610 2 0 |a hutníctvo 
610 2 0 |a oceľ 
610 2 0 |a výroba 
100 1 |a Kravec, Michal, 1986-